00882nam a2200229 a 450000100100000000500170001000800410002702000150006804000250008308200180010810000330012624500400015925000130019926000390021230000210025150000700027265000280034265000310037095201150040195201210051699900150063700000641420200929153928.0810413s1995 sp 000 0 spa d a8474441587 aDO-SdBNPbspacBNPHU a863.44bM778f1 aMontero, Rosa,d1951-91506313aLa función delta /cRosa Montero. a12a. ed. aMadrid, España :bDebate,c1995. a369 p. ;c22 cm. aIncluye datos biográficos del autor en la solapa de la cubierta 4aNovela española91123 4aLiteratura española9632 001050718MOaGRbGRcHDd2009-08-28iLF1l0o863.44 M778fp6414-10r2020-06-25w2020-06-25y1ZNo se presta 001150718MOaGRbGRcMId2017-04-05iLF1l0o863.44 M778fp6414-30r2020-06-25te. 2w2020-06-25y1ZNo se presta c6209d6209